000 00334pab a2200145 454500
008 180718b1985 xxu||||| |||| 00| 0 eng d
100 _aKrishna Menon, A.G.
245 _aDelhi in the year 2000
260 _c1985
300 _a20-4
362 _aAug.
650 _aCity Planning - India - Delhi
773 _aSeminar
909 _a5507
999 _c5507
_d5507